Polizeiwissenschaft in Deutschland. Überlegungen zum Profil einer neuen Wissenschaftsdisziplin

Saved in:  
Bibliographic Details
Main Author: Feltes, Thomas 1951- (Author)
Format: Print Article
Language:Undetermined language
Published: 2007
In: Polizei & Wissenschaft
Year: 2007, Issue: 4, Pages: 2-21
Check availability: HBZ Gateway
Keywords:

MARC

LEADER 00000caa a22000002c 4500
001 1639140441
003 DE-627
005 20220608124155.0
007 tu
008 160223s2007 xx ||||| 00| ||und c
035 |a (DE-627)1639140441 
035 |a (DE-576)455778388 
035 |a (DE-599)BSZ455778388 
040 |a DE-627  |b ger  |c DE-627  |e rakwb 
100 1 |a Feltes, Thomas  |d 1951-  |0 (DE-588)109006909  |0 (DE-627)52362333X  |0 (DE-576)303336889  |4 aut 
109 |a Feltes, Thomas 1951- 
245 1 0 |a Polizeiwissenschaft in Deutschland. Überlegungen zum Profil einer neuen Wissenschaftsdisziplin  |c Thomas Feltes 
264 1 |c 2007 
336 |a Text  |b txt  |2 rdacontent 
337 |a ohne Hilfsmittel zu benutzen  |b n  |2 rdamedia 
338 |a Band  |b nc  |2 rdacarrier 
773 0 8 |i In  |t Polizei & Wissenschaft  |d Frankfurt, M. : Verl. für Polizeiwiss., 2000  |g (2007), 4, Seite 2-21  |w (DE-627)320620433  |w (DE-600)2022590-8  |w (DE-576)091170788  |x 1439-7404  |7 nnas 
773 1 8 |g year:2007  |g number:4  |g pages:2-21 
935 |a mkri 
951 |a AR 
ELC |b 1 
LOK |0 000 xxxxxcx a22 zn 4500 
LOK |0 001 3299434330 
LOK |0 003 DE-627 
LOK |0 004 1639140441 
LOK |0 005 20250408103732 
LOK |0 008 160208||||||||||||||||ger||||||| 
LOK |0 040   |a DE-21-110  |c DE-627  |d DE-21-110 
LOK |0 689   |a s  |a Polizeiforschung 
LOK |0 689   |a s  |a Polizeiwissenschaft 
LOK |0 689   |a s  |a Innere Sicherheit 
LOK |0 689   |a s  |a Polizeiausbildung 
LOK |0 852   |a DE-21-110 
LOK |0 852 1  |m p  |9 00 
LOK |0 935   |a k110 
LOK |0 938   |k p 
LOK |0 939   |a 08-02-16  |b l01 
ORI |a SA-MARC-krimdoka001.raw